La araucana.
Saved in:
| 主要作者: | |
|---|---|
| 其他作者: | |
| 格式: | 未知 |
| 出版: |
Madrid, España:
Planeta,
2022.
|
| 版: | Primera edición. |
| 丛编: | Biblioteca Clásica de la Real Academia Española;
37. |
| 主题: | |
| 标签: |
添加标签
没有标签, 成为第一个标记此记录!
|
MARC
| LEADER | 00000 a2200000 4500 | ||
|---|---|---|---|
| 003 | CL-VaPUC | ||
| 005 | 20230807095905.0 | ||
| 008 | 230728t2022 ||||| |||| 00| 0 eng d | ||
| 999 | |c 441453 |d 441451 | ||
| 020 | |a 978-84-670-6483-4 | ||
| 040 | |c Pontificia Universidad Católica de Valparaíso | ||
| 082 | 7 | |a 861 ERC 2022 |2 22 | |
| 100 | |a Ercilla y Zúñiga, Alonso de |9 267605 |e autor | ||
| 245 | 1 | 3 | |a La araucana. |
| 250 | |a Primera edición. | ||
| 260 | |a Madrid, España: |b Planeta, |c 2022. | ||
| 300 | |a 1461 páginas. | ||
| 440 | |a Biblioteca Clásica de la Real Academia Española; |9 883957 |v 37. | ||
| 583 | |k GC |c 20230728 | ||
| 650 | 0 | |a Poesía épica española |9 268761 | |
| 700 | |a Gómez Canseco, Luis |e edición |e estudio |e notas |9 883965 | ||
| 942 | |2 ddc |c BK | ||
| 952 | |0 0 |1 0 |2 ddc |4 0 |6 861_000000000000000_ERC_2022 |7 0 |8 R |9 591040 |a BIBEDU |b BIBEDU |c MCIRC |d 2023-07-28 |e 3 |g 55683.00 |i 5658224 |l 6 |m 5 |o 861 ERC 2022 |p 5658224 |r 2025-03-20 |s 2025-03-19 |t 1 |v 55683.00 |w 2023-07-28 |y BK_R |k LIT | ||